[Event "Nizhnij Novgorod Region-ch"]
[Site "Nizhnij Novgorod"]
[Date "2013.10.19"]
[Round "7"]
[White "Tarasov, Valery"]
[Black "Denisov, Albert"]
[Result "1-0"]
[WhiteElo "1950"]
[BlackElo "1793"]
[PlyCount "111"]
[EventDate "2013.10.19"]
[EventType "swiss"]
[EventRounds "9"]
[EventCountry "RUS"]
[SourceTitle "EXT 2022"]
[Source "ChessBase"]
[SourceDate "2021.10.06"]
[SourceVersion "1"]
[SourceVersionDate "2021.10.06"]
[SourceQuality "1"]

1. Nf3 c5 2. c4 Nf6 3. Nc3 e6 4. g3 b6 5. Bg2 Bb7 6. 0-0 Be7 7. b3 0-0 8. Bb2 d6 9. d4 cxd4 10. Qxd4 Nc6 11. Qf4 Qb8 12. Rfd1 Rd8 13. e4 a6 14. Rac1 Nd7 15. Qe3 Nc5 16. Nd2 Bf6 17. Nf3 b5 18. cxb5 axb5 19. Rc2 Nb4 20. Rcd2 Nbd3 21. Rxd3 Nxd3 22. Qxd3 b4 23. Na4 Bxb2 24. Nxb2 d5 25. e5 Rxa2 26. Qb1 Qa7 27. Ng5 h6 28. Qh7+ Kf8 29. Qh8+ Ke7 30. Qxg7 hxg5 31. Qxg5+ Kd7 32. Nd3 Ba6 33. Qf6 Bxd3 34. Rxd3 Ra1+ 35. Bf1 Rf8 36. Kg2 Qb7 37. Be2 Ke8 38. h4 Ra2 39. Bh5 Qe7 40. Qf4 Qc5 41. Qf6 Qe7 42. Qh6 Ra6 43. Rd2 Qb7 44. Be2 Rc6 45. Ra2 Rb6 46. Qf6 Qb8 47. h5 Qd8 48. Qf4 Qe7 49. Ra5 Qb7 50. Qf6 Qb8 51. h6 Kd7 52. h7 Kc6 53. Qe7 Rb7 54. Qc5+ Kd7 55. Bb5+ Rxb5 56. Rxb5 1-0

[Event "Nizhnij Novgorod Region-ch"]
[Site "Nizhnij Novgorod"]
[Date "2012.10.12"]
[Round "?"]
[White "Guluzada, Shamil"]
[Black "Tarasov, Valery"]
[Result "0-1"]
[WhiteElo "1762"]
[BlackElo "1953"]
[PlyCount "82"]
[EventDate "2012.10.06"]
[EventType "swiss"]
[EventRounds "9"]
[EventCountry "RUS"]
[SourceTitle "EXT 2022"]
[Source "ChessBase"]
[SourceDate "2021.10.06"]
[SourceVersion "1"]
[SourceVersionDate "2021.10.06"]
[SourceQuality "1"]

1. c4 d6 2. Nc3 e5 3. g3 f5 4. d3 g6 5. Bg2 Bg7 6. Nf3 Nf6 7. 0-0 0-0 8. e4 Kh8 9. Rb1 c6 10. Re1 Be6 11. Ng5 Bc8 12. h3 Na6 13. f4 exf4 14. gxf4 Nc7 15. Be3 Nh5 16. Qd2 Ne6 17. Nxe6 Bxe6 18. b3 Qh4 19. e5 dxe5 20. fxe5 f4 21. Bf2 Ng3 22. Ne2 Bxh3 23. Bxh3 Qxh3 24. Nxg3 fxg3 25. Bc5 Rf5 26. Qg2 Qxg2+ 27. Kxg2 Rxe5 28. Bd4 Rxe1 29. Bxg7+ Kxg7 30. Rxe1 Rf8 31. Kxg3 Rf7 32. d4 h5 33. d5 cxd5 34. cxd5 Rd7 35. Re5 Kf6 36. Kf4 Re7 37. Rg5 Re2 38. Rg3 Rxa2 39. Re3 g5+ 40. Ke4 g4 41. Kd3 Ra6 0-1

[Event "Nizhnij Novgorod Region-ch"]
[Site "Nizhnij Novgorod"]
[Date "2012.10.08"]
[Round "?"]
[White "Bystrov, Nikolay"]
[Black "Tarasov, Valery"]
[Result "1-0"]
[WhiteElo "2010"]
[BlackElo "1953"]
[PlyCount "63"]
[EventDate "2012.10.06"]
[EventType "swiss"]
[EventRounds "9"]
[EventCountry "RUS"]
[SourceTitle "EXT 2022"]
[Source "ChessBase"]
[SourceDate "2021.10.06"]
[SourceVersion "1"]
[SourceVersionDate "2021.10.06"]
[SourceQuality "1"]

1. d4 d6 2. e4 Nf6 3. Nc3 e5 4. Nf3 exd4 5. Nxd4 Be7 6. Be2 0-0 7. 0-0 Re8 8. f4 Bf8 9. Bf3 c6 10. Re1 Nbd7 11. Be3 Qc7 12. Bf2 Nc5 13. Bh4 Nfd7 14. Kh1 Ne6 15. Nde2 b5 16. a3 Bb7 17. Qd2 a5 18. Nd1 Nb6 19. Ne3 Nc5 20. Ng3 g6 21. Ng4 Nbd7 22. f5 Bg7 23. Rad1 f6 24. b4 axb4 25. axb4 Na6 26. Qxd6 Qxd6 27. Rxd6 Re7 28. Red1 Bc8 29. Nxf6+ Nxf6 30. Bxf6 Bxf6 31. Rxf6 gxf5 32. Rd8+ 1-0

[Event "Anapa op"]
[Site "Anapa"]
[Date "2012.09.04"]
[Round "5"]
[White "Shapfiullin, Ruslan"]
[Black "Tarasov, Valery"]
[Result "0-1"]
[WhiteElo "1781"]
[BlackElo "1951"]
[PlyCount "97"]
[EventDate "2012.08.30"]
[EventType "swiss"]
[EventRounds "9"]
[EventCountry "RUS"]
[SourceTitle "CBM 150 Extra"]
[Source "ChessBase"]
[SourceDate "2012.10.19"]
[SourceVersion "1"]
[SourceVersionDate "2012.10.19"]
[SourceQuality "1"]

1. d4 d6 2. c4 e5 3. dxe5 dxe5 4. Qxd8+ Kxd8 5. Nc3 Be6 6. e4 Bc5 7. Nf3 f6 8. Nd5 c6 9. Ne3 Nd7 10. Nh4 g6 11. Be2 Kc7 12. Nc2 a5 13. f4 Ne7 14. Nf3 Rhd8 15. fxe5 Nxe5 16. Bf4 Bd6 17. Nxe5 Bxe5 18. Bxe5+ fxe5 19. Rd1 Rxd1+ 20. Kxd1 Rf8 21. Rf1 Rxf1+ 22. Bxf1 Kb6 23. Kd2 Kc5 24. b3 b5 25. cxb5 cxb5 26. Ke3 Nc6 27. Ne1 Nd4 28. Nd3+ Kd6 29. Nb2 Bd7 30. Kd2 Bc6 31. Bd3 Kc5 32. Kc3 Ne6 33. Bb1 b4+ 34. Kd2 Kd4 35. Nc4 a4 36. Ne3 axb3 37. axb3 Bxe4 38. Bxe4 Kxe4 39. Nc2 Nd4 40. Nxb4 Nxb3+ 41. Ke2 Nd4+ 42. Kd2 Ne6 43. Nc2 Nc5 44. Ne1 g5 45. g3 Nd7 46. Ke2 Nf6 47. h3 h6 48. Nd3 Nh5 49. Nf2+ 0-1

[Event "Nizhnij Novgorod Dubinin Memorial 19th"]
[Site "Nizhnij Novgorod"]
[Date "2012.01.??"]
[Round "8"]
[White "Popov, Nikita A"]
[Black "Tarasov, Valery"]
[Result "1-0"]
[WhiteElo "1841"]
[BlackElo "1951"]
[PlyCount "23"]
[EventDate "2012.01.??"]
[EventType "swiss"]
[EventRounds "9"]
[EventCountry "RUS"]
[SourceTitle "EXT 2015"]
[Source "ChessBase"]
[SourceDate "2014.11.20"]
[SourceVersion "1"]
[SourceVersionDate "2014.11.20"]
[SourceQuality "1"]

1. d4 d6 2. c4 e5 3. Nf3 e4 4. Nfd2 f5 5. Nc3 Nf6 6. e3 g6 7. Qb3 Bg7 8. Be2 c6 9. 0-0 Qd7 10. a4 0-0 11. a5 Na6 12. Qa4 1-0

[Event "Nizhnij Novgorod Dubinin Memorial 16th"]
[Site "Nizhnij Novgorod"]
[Date "2009.01.10"]
[Round "8"]
[White "Tarasov, Valery"]
[Black "Sukhinin, Anatoly"]
[Result "0-1"]
[WhiteElo "1948"]
[BlackElo "1834"]
[PlyCount "24"]
[EventDate "2009.01.03"]
[EventType "swiss"]
[EventRounds "9"]
[EventCountry "RUS"]
[SourceTitle "EXT 2010"]
[Source "ChessBase"]
[SourceDate "2010.11.25"]
[SourceVersion "1"]
[SourceVersionDate "2010.11.25"]
[SourceQuality "1"]

1. Nf3 Nf6 2. g3 g6 3. c4 Bg7 4. Nc3 c6 5. d4 d5 6. cxd5 cxd5 7. Ne5 Nbd7 8. f4 Ne4 9. Nxd5 Qa5+ 10. Nc3 Nxc3 11. Qd2 Nxe5 12. dxe5 Qd5 0-1